00524nam a22001097a 4500040000900000082002800009100001500037245022100052260002800273300002600301856008700327 cRUA  aAVM NOU 2012 B0101 Or.1 aNOU SAMORN aSurvey of infections disease of pigs at kohthomdistrict, kandal province, (អង្កេតពីជំងឺឆ្លងលើជ្រូក នៅស្រុកកោះធំ ខេត្តកណ្ដាល) aPhnom Penh bRua c2012 aix, 52p.bill.c29cm. uhttps://drive.google.com/file/d/1AKmX0To-bcG3rbxgx3CwPk9gOFaJdcP1/view?usp=sharing